|
|
|
|
| LEADER |
00603cam a2200193 7i4500 |
| 001 |
0000023111 |
| 005 |
20090709090000.0 |
| 020 |
0 |
0 |
|a 978-0-07-148255-4
|
| 090 |
0 |
0 |
|a B 658.848
|b NEL
|
| 100 |
1 |
0 |
|a Nelson
|
| 245 |
1 |
0 |
|a Import/ export.
|
| 250 |
0 |
0 |
|a 4th ed.
|
| 260 |
0 |
0 |
|a New York:
|b McGraw Hill,
|c 2009.
|
| 300 |
# |
# |
|a 398 p.
|
| 650 |
0 |
0 |
|a Imports --
|x Handbooks, manuals, etc
|
| 650 |
0 |
0 |
|a International trade --
|x Handbooks, manuals, etc
|
| 650 |
0 |
0 |
|a Exports --
|x Handbooks, manuals, etc
|
| 650 |
0 |
0 |
|a Trading companies --
|x Handbooks, manuals, etc
|
| 999 |
|
|
|a B000024910
|b Book
|c Book
|e Business Information Centre
|